1284 1416 1950 1589 1592 1257 1708 1764 1675 1333 1796 1824 1872 1533 1698 1957 1478 1917 1688 1814 1586 1811 1905 1911 1412 1207 1676 1182 1124 1748 1245 1804 1077 1150 1225 1043 1035 1104 1428 1519 1258 1047 1759 1482 1945 1706 1935 1913 1230 1776 1028 1267 1674 1004 1386 1942 1251 1578 1219 1894 1289 1353 1109 1234 1329 1795 1830 1421 1433 1606 1950 1463 1538 1210 1100 1921 1703 1613 1539 1152 1858 1225 1009 1191 1071 1261 1345 1221 1766 1639 1536 1256 1833 1051 1716 1239 1151 1260 1110 BCNSPRNW ULIB Ver.6.0+V

เปลี่ยนเป็นภาษาไทย

Change to English
 แสดงรายละเอียดบรรณานุกรม
  กลับหน้าหลัก

Brief Record : Get Marc (ISO 2709) : E-mail record : QR code < ปิดหน้าต่าง
LEADER : 00000nam 2200000uu 4500
001    13399114474
003     ULIB
008    120404s2552||||th 000 0 tha d
020    ^a9786165350112
090    ^aนว.^bอ113ส 2552
100 0  ^aองค์หญิงยิ้มหวาน
245 00 ^aDangerous Guy สัญญาณรักอันตรายนายวายร้ายมาดนิ่ง/^cองค์หญิงยิ้มหวาน
250    ^aพิมพ์ครั้งที่ 1
260    ^aกรุงเทพฯ :^bSugar Rain,^c2552
300    ^a240 หน้า
710 1  ^aSugar Rain
945    ^p159^l0^i16305
995    ^aกัณชพร
999    ^aใช้งานได้ทุกระบบ
รายการนี้ยังไม่มีแท็ก
คุณยังไม่ได้ล็อกอิน คุณสามารถมีกิจกรรมร่วมกับเว็บไซต์ได้ แต่ต้องล็อกอินก่อน ::
  ล็อกอิน

รายการสื่อสารสนเทศ

ลำดับที่ ประเภท เลขเรียก/บาร์โค้ด สถานที่ สถานะ
1. นวนิยาย
นวนิยาย
นว. อ113ส 2552  
  Barcode: 16305
ห้องสมุดวิทยาเขตสวรรค์ประชารักษ์
►นวนิยาย
บนชั้น
  ขอยืม

BibComment


ยังไม่เคยถูกคอมเมนท์

คอมเมนท์ทรัพยากรรายการนี้
  คอมเมนท์: Dangerous Guy สั..


 Copyright 2026. Bcnsprnw @Library